000 00675nam a2200241Ia 4500
003 OSt
005 20220918230935.0
006 a|||||r|||| 00| 0
007 ta
008 220917b |||||||| |||| 00| 0 eng d
024 _a261,674
037 _cTextual
040 _aARTS
_cARTS
_beng
041 _2eng
_aeng
082 _aY7, L4
100 _aAceves Joseph B
_9153529
245 0 _aIdentity, survival, and change
_b exploring social /cultural anthropology
260 _aMorristown
_bGeneral Learning Press
_c1974
300 _axiii,284p.
_ccm.
650 _aSOCIOLOGY
942 _hY7, L4
_cTEXL
_2CC
999 _c289308
_d289308